000 01542cam a2200241 4500
001 ABS65287
008 020408n2002 000 0 eng u
035 _a(Sirsi) u117394
100 _aTew, W
245 _aKeeping up with the CRoW Act
260 _c2002
490 _aFarmland Market
_v(57) March 2002, 12-13(2)
520 _aThe date for implementing the Countryside and Rights of Way Act 2000 is not until 2005 but surveyors should be aware that issues need to be addressed now . The mapping process is already under way and landowners may feel the need to challenge what is considered as open land as, in its final version, the map will not be reviewed for 10yrs. Other areas surveyors and landowners need to consider include agreeements between landowners and the Highways or National Park authorites to impose a means of access to open country, the rights landowners (including occupiers) to divert or close rights of way and the statutory right government departments and the Welsh Assembly have on preserving and enhancing biodiversity. Chartered surveyors should advise interested parties to register their views at the earliest possibility. The Act also offers opportunities for earning fees for members involved in rural land management.
590 _aABS
650 _aCOUNTRYSIDE AND RIGHTS OF WAY ACT 2000
650 _aABOUT RICS-RICS MEMBERS
650 _aRURAL LAND MANAGEMENT
650 _aRIGHTS OF WAY
650 _aPUBLIC ACCESS
650 _aNATURE CONSERVATION
690 _aRural
_96268
942 _n0
999 _c69936
_d69936